000 01047nam a22003137a 4500
003 DO-SdBNP
005 20240305073651.0
007 ta
008 211103b2005 ao||| |||| 00| 0 spa d
020 _a9945110454
040 _aDO-SdBNP
_bspa
_cBNPHU
082 4 _222
_a372.4
_bR42l
110 1 0 _aRepública Dominicana. Secretaría de Estado de Educación
_9607
245 1 0 _aLengua y LIteratura 4 :
_beducación media ; 2do. grado ; segundo ciclo /
_cSecretaría de Estado de Educación
260 _aSanto Domingo :
_bSantillana,
_c2005.
300 _a279 p. :
_bil.; fot.
_c27 cm
490 _aAmbar
500 _aLibro de texto.
500 _aLibro del 4 bachillerato, 2do. grado / segundo siglo.
500 _aGestión educativa 2004-2008
590 _aInventariado, 2021 /SA
650 4 _aLengua y Literatura
_943315
650 4 _aLiteratura
_xEnseñanza
_95023
700 1 _aFlores, Tania
_980478
700 _976900
_aCampusano , Martha
700 1 _aGarcía Cartagena, Manuel
_912067
910 _aSaquino
942 _2ddc
_cLBS1
999 _c50869
_d50869